[Event "Loire-ch Top20 0405"]
[Site "Loire"]
[Date "2004.12.18"]
[Round "4"]
[White "Bellon, Yves"]
[Black "Bruel, Bruno"]
[Result "1-0"]
[WhiteElo "1860"]
[BlackElo "1870"]
[PlyCount "79"]
[EventDate "2004.09.25"]
[EventType "swiss"]
[EventRounds "9"]
[EventCountry "FRA"]
[SourceTitle "EXT 2008"]
[Source "ChessBase"]
[SourceDate "2007.11.25"]
[SourceVersion "1"]
[SourceVersionDate "2007.11.25"]
[SourceQuality "1"]

1. c4 c6 2. Nf3 Nf6 3. b3 d5 4. Bb2 Bf5 5. e3 e6 6. Be2 Bd6 7. 0-0 0-0 8. d3 Nbd7 9. Nbd2 Qe7 10. Re1 e5 11. Nh4 Be6 12. g3 e4 13. f4 exd3 14. Bxd3 Bg4 15. Qc2 Rfe8 16. e4 Bc5+ 17. Kg2 dxe4 18. Nxe4 Nxe4 19. Bxe4 Kh8 20. h3 Nf6 21. Bxf6 Bxh3+ 22. Kxh3 Qxf6 23. Rad1 g6 24. Nf3 Re7 25. Ne5 Rae8 26. Kg2 Bd6 27. Ng4 Qg7 28. Rxd6 f5 29. Ne5 fxe4 30. Rxe4 g5 31. Kf3 gxf4 32. gxf4 Rg8 33. Qh2 Qf8 34. Ng6+ Rxg6 35. Rxe7 Qxe7 36. Rxg6 Qd8 37. Rg5 Qd3+ 38. Kg4 Qd1+ 39. Kh4 Qd6 40. Qb2+ 1-0

[Event "Loire-ch Top20 0405"]
[Site "Loire"]
[Date "2004.10.16"]
[Round "2"]
[White "Bellon, Yves"]
[Black "Pupier, Terry"]
[Result "1/2-1/2"]
[WhiteElo "1860"]
[BlackElo "1960"]
[PlyCount "81"]
[EventDate "2004.09.25"]
[EventType "swiss"]
[EventRounds "9"]
[EventCountry "FRA"]
[SourceTitle "EXT 2008"]
[Source "ChessBase"]
[SourceDate "2007.11.25"]
[SourceVersion "1"]
[SourceVersionDate "2007.11.25"]
[SourceQuality "1"]

1. c4 g6 2. Nc3 Bg7 3. d4 Nf6 4. e4 d6 5. f4 0-0 6. Nf3 c5 7. d5 e6 8. Be2 exd5 9. cxd5 Re8 10. e5 dxe5 11. fxe5 Ng4 12. Bg5 Qa5 13. Qd2 Nxe5 14. 0-0 f5 15. Rfe1 Bd7 16. Nxe5 Bxe5 17. Bf3 Qc7 18. g3 Qd6 19. Re2 Na6 20. Rae1 Nc7 21. Kg2 Bxc3 22. bxc3 Bb5 23. Re7 Rxe7 24. Bxe7 Qd7 25. d6 Bc6 26. Bxc6 Qxc6+ 27. Kg1 Qd7 28. Qd1 Nb5 29. Qb3+ Kg7 30. Bg5 Re8 31. Rxe8 Qxe8 32. Be7 Nxd6 33. Qe6 Ne4 34. g4 Qf7 35. Qe5+ Kg8 36. Qb8+ Kg7 37. Qe5+ Kh6 38. h4 b6 39. Qf4+ Kg7 40. Qe5+ Kh6 41. Qf4+ 1/2-1/2

[Event "FRA-chT3 Gr12 0304"]
[Site "Loire"]
[Date "2004.02.01"]
[Round "5.4"]
[White "Berge, Pierre"]
[Black "Bellon, Yves"]
[Result "0-1"]
[WhiteElo "1540"]
[BlackElo "1880"]
[PlyCount "64"]
[EventDate "2003.10.12"]
[EventType "team"]
[EventRounds "9"]
[EventCountry "FRA"]
[SourceTitle "EXT 2008"]
[Source "ChessBase"]
[SourceDate "2007.11.25"]
[SourceVersion "1"]
[SourceVersionDate "2007.11.25"]
[SourceQuality "1"]

1. c4 c5 2. g3 d5 3. cxd5 Qxd5 4. Nf3 Nc6 5. Bg2 e5 6. Nc3 Qd8 7. 0-0 Nf6 8. e3 Bf5 9. Qa4 Qd7 10. Re1 Bd3 11. b3 a6 12. Qa3 Bd6 13. Ng5 Nb4 14. Rd1 Nc2 15. Qb2 Nxa1 16. Qxa1 0-0 17. Nd5 Nxd5 18. Bxd5 h6 19. Ne4 Qg4 20. f3 Qxf3 21. Nc3 e4 22. Bb2 Kh7 23. Re1 Rae8 24. Nd1 Bxg3 25. hxg3 Qxg3+ 26. Kh1 Qxe1+ 27. Kh2 Qxd2+ 28. Kg3 Be2 29. Nf2 Qxe3+ 30. Kg2 Qf3+ 31. Kg1 Qg3+ 32. Kh1 Bf3# 0-1